• 首页
  • 本馆介绍
  • 公告通知
  • 最新文献
  • 馆藏检索
  • 电子资源
  • 读者导购
  • 参考咨询
  • 我的图书馆
  • 登录
  • 详细信息显示
  • 放入我的书架
  • 预约/预借图书
  • 作者相关作品
  • 分类相关作品
  • 丛书相关作品
  • 出版社相关作品

书目信息

  • 表格格式
  • 工作单格式
  • 卡片格式
题名:
倾心
    
 
作者: 任亚 主编
分册:  
出版信息: 北京   中国铁道出版社  2018.11
页数: 90页
开本: 26cm
丛书名: 抒心作文系列丛书
单 册:
中图分类: H152.1
科图分类:
主题词: 作文课--小学--教学参考资料
电子资源:
ISBN: 978-7-113-25046-1
000 00877oam2 2200265 450
001 0108153908
005 20210308154402.0
010    @a978-7-113-25046-1@dCNY33.00
100    @a20190731d2018 em y0chiy50 ea
101 0  @achi
102    @aCN@b110000
105    @aa z 000yy
106    @ar
200 1  @a倾心@Aqing xin@f任亚主编
210    @a北京@c中国铁道出版社@d2018.11
215    @a90页@c彩图@d26cm
225 2  @a抒心作文系列丛书@i初心篇
330    @a本书主要内容是对读者描写能力、寻找素材能力的训练,结合读者心理发展特点,通过课程内容展现,培养观察意识、思考能力和修改能力。全书内容包括:烟花绚烂美、灵感画面现、今天我做主等。
461  0 @12001 @a抒心作文系列丛书
462  0 @12001 @a初心篇
606 0  @a作文课@x小学@j教学参考资料
690    @aH152.1@v5
701  0 @a任亚@Aren ya@4主编
801  0 @aCN@bBJSZM@c20210308
905    @b1272089-92@dH152.1@e545@f4
    
    倾心/任亚主编.-北京:中国铁道出版社,2018.11
    90页:彩图;26cm.-(抒心作文系列丛书.初心篇)
    
    
    ISBN 978-7-113-25046-1:CNY33.00
    本书主要内容是对读者描写能力、寻找素材能力的训练,结合读者心理发展特点,通过课程内容展现,培养观察意识、思考能力和修改能力。全书内容包括:烟花绚烂美、灵感画面现、今天我做主等。
●
相关链接 在E读中查询图书 在五车中查询图书 在当当中查询图书 在豆瓣中查询图书


正题名:倾心     索取号:H152.1/545         预约/预借

序号 登录号 条形码 馆藏地/架位号 状态 备注
1 1272089   212720894   第二样本阅览室/ [索取号:H152.1/545] 在馆    
2 1272090   212720901   教育系资料室/ [索取号:H152.1/545] 在馆    
3 1272091   212720910   教育系资料室/ [索取号:H152.1/545] 在馆    
4 1272092   212720929   第四借阅区/ [索取号:H152.1/545] 在馆    
唐山师范学院图书馆 欢迎您!
大连网信软件有限公司© 版权所有